Games Released in 1994 - Statistics

General Stats
  • This quiz has been taken 2 times
  • The average score is 15 of 42
Answer Stats
Answer % Correct
Sonic and Knuckles
100%
Beyond Oasis
50%
Blackthorne
50%
Castlevania Bloodlines
50%
Demon's Crest
50%
Donkey Kong 94
50%
Donkey Kong Country
50%
Doom II
50%
Dynamite Headdy
50%
Earthbound
50%
Final Fantasy VI
50%
King's Field
50%
Magic Carpet
50%
Marathon
50%
Mega Man X2
50%
Mickey Mania
50%
Pitfall The Mayan Adventure
50%
Sonic the Hedgehog 3
50%
Sparkster
50%
Super Metroid
50%
Super Punch-Out
50%
System Shock
50%
Tekken
50%
The Lion King
50%
Theme Park
50%
The Need for Speed
50%
Virtua Fighter 2
50%
Wild Guns
50%
Breath of Fire II
0%
Clockwork Knight
0%
Contra Hard Corps
0%
Earthworm Jim
0%
Ecco The Tides of Time
0%
Killer Instinct
0%
Mega Man The Wily Wars
0%
Motor Toon Grand Prix
0%
Panorama Cotton
0%
Pulseman
0%
Stunt Race FX
0%
Super Star Wars Return of the Jedi
0%
The Elder Scrolls Arena
0%
Warcraft Orcs and Humans
0%
No matching quizzes found
Score Distribution
Percent of People with Each Score
Percentile by Number Answered
Your Score History
You have not taken this quiz